Obras de San Luis María Grignion de Montfort / (Record no. 170795)

MARC details
000 -LEADER
campo de control de longitud fija 01154nam a2200229 i 4500
001 - NÚMERO DE CONTROL
campo de control 170795
003 - IDENTIFICADOR DE NÚMERO DE CONTROL
campo de control ES-MaACL
005 - FECHA Y HORA DE LA ÚLTIMA TRANSACCIÓN
campo de control 20250808062743.0
008 - DATOS DE LONGITUD FIJA--INFORMACIÓN GENERAL
campo de control de longitud fija 090407s1954 sp |||| | spa d
100 0# - ENTRADA PRINCIPAL--NOMBRE DE PERSONA
Nombre de persona Luis María Grignion de Montfort
Títulos y otros términos asociados al nombre Santo.
9 (RLIN) 74694
245 10 - MENCIÓN DEL TÍTULO
Título Obras de San Luis María Grignion de Montfort /
Mención de responsabilidad, etc. edición preparada bajo la dirección de Nazario Pérez y Camilo María Abad.
260 ## - PUBLICACIÓN, DISTRIBUCIÓN, ETC.
Lugar de publicación, distribución, etc. Madrid :
Nombre del editor, distribuidor, etc. La Editorial Católica,
Fecha de publicación, distribución, etc. 1954.
300 ## - DESCRIPCIÓN FÍSICA
Extensión XXV, 974 p., 1 mapa ;
Dimensiones 20 cm.
490 1# - MENCIÓN DE SERIE
Mención de serie Biblioteca de autores cristianos ;
Designación de volumen o secuencia 111
505 8# - NOTA DE CONTENIDO CON FORMATO
Nota de contenido con formato Contiene : Biografía ; Cartas ; El amor de la sabiduría eterna ; Carta a los amigos de la Cruz ; El secreto de María ; El secreto del Rosario ; Tratado de la verdadera devoción ; Escritos destinados a los Misioneros de la Compañía de María y a las Hijas de la Sabiduría ; Preparación para la muerte ; Cánticos
546 ## - NOTA DE IDIOMA
Nota de lengua/lenguaje Algunos contenidos en francés.
700 1# - ENTRADA AGREGADA--NOMBRE PERSONAL
Nombre de persona Abad, Camilo María,
Fechas asociadas al nombre 1878-1969
9 (RLIN) 226437
700 1# - ENTRADA AGREGADA--NOMBRE PERSONAL
Nombre de persona Pérez, Nazario.
9 (RLIN) 139747
830 00 - PUNTO DE ACCESO ADICIONAL DE SERIE-TÍTULO UNIFORME
Título uniforme Biblioteca de autores cristianos
Designación de volumen o secuencia 111
9 (RLIN) 178679
852 ## - LOCALIZACIÓN
Ubicación ES-MaACL
Número de control de estantería J-109
Holdings
Estatus retirado Estado de pérdida Estado de daño No para préstamo Biblioteca de origen Biblioteca actual Ubicación en estantería Fecha de adquisición Fuente de adquisición Total de préstamos Signatura topográfica completa Código de barras Visto por última vez Precio de reemplazo Tipo de ítem Koha
        Biblioteca del Ateneo de Madrid Biblioteca del Ateneo de Madrid Depósito 2 07/04/2009     J-109 1179249 23/02/2023 23/02/2023 Libro impreso